Normal view
MARC view
- مصر - تاريخ - حضارة - العصر الفرعوني
Entry Topical Term
001 - CONTROL NUMBER
- control field: 20525
003 - CONTROL NUMBER IDENTIFIER
- control field: JO-AjAnu
005 - DATE AND TIME OF LATEST TRANSACTION
- control field: 20230606073553.0
008 - FIXED-LENGTH DATA ELEMENTS
- fixed length control field: 230606|| aca||aabn | a|a d
040 ## - CATALOGING SOURCE
- Original cataloging agency: JO-AjAnu
- Transcribing agency: JO-AjAnu
150 ## - HEADING--TOPICAL TERM
- Topical term or geographic name entry element: مصر - تاريخ - حضارة - العصر الفرعوني
670 ## - SOURCE DATA FOUND
- Source citation: Work cat.: (JO-AjAnu)10539: تأليف فورد،دونالد ريد ؛ ترجمة بيومي قنديل, author 20524, أخناتون ذلك الفرعون المارق